| 000 | 00422nam a22001337a 4500 | ||
|---|---|---|---|
| 008 | 090722t xxu||||| |||| 00| 0 eng d | ||
| 020 | _a9953100640 | ||
| 082 |
_a658.452 _bع ر ض |
||
| 245 | _aمهارات العرض والتأثير فى السامعين | ||
| 260 |
_aبيروت: _bمكتبة لبنان ، _c2001 |
||
| 300 |
_a69 ؛ ص _c19 سم |
||
| 490 | _aسلسلة الادارة المثلى | ||
| 942 |
_2ddc _cBB |
||
| 999 |
_c12390 _d12390 |
||